000 00394nam a2200157Ia 4500
003 Ost
005 20260225132551.0
008 260225s9999||||xx |||||||||||||| ||und||
040 _cfsic
041 _afre
082 _a306.44
100 _aBen Youcef Benkhada
_eAuteur
245 0 _aLa fin de la guerre d'Algérie :
245 0 _bles accords d'Evian /
_cBen Youcef Benkhada
942 _cكتاب
999 _c34174
_d34174